<?xml version="1.0" encoding="UTF-8"?>
<record
    xmlns:xsi="http://www.w3.org/2001/XMLSchema-instance"
    xsi:schemaLocation="http://www.loc.gov/MARC21/slim http://www.loc.gov/standards/marcxml/schema/MARC21slim.xsd"
    xmlns="http://www.loc.gov/MARC21/slim">

  <leader>01881cam a22003135a 4500</leader>
  <controlfield tag="001">18464335</controlfield>
  <controlfield tag="005">20171107125736.0</controlfield>
  <controlfield tag="008">150123s2015    enk    frb    001 0 eng d</controlfield>
  <datafield tag="010" ind1=" " ind2=" ">
    <subfield code="a">  2015003147</subfield>
  </datafield>
  <datafield tag="020" ind1=" " ind2=" ">
    <subfield code="a">9780470672488 (cloth)</subfield>
  </datafield>
  <datafield tag="035" ind1=" " ind2=" ">
    <subfield code="a">(DNLM)101650234</subfield>
  </datafield>
  <datafield tag="040" ind1=" " ind2=" ">
    <subfield code="a">DNLM/DLC</subfield>
    <subfield code="b">eng</subfield>
    <subfield code="c">DLC</subfield>
    <subfield code="d">EG-ScBUE</subfield>
    <subfield code="d">EG-ScBUE</subfield>
  </datafield>
  <datafield tag="082" ind1="0" ind2="4">
    <subfield code="a">617.632</subfield>
    <subfield code="b">CLI</subfield>
    <subfield code="2">22</subfield>
  </datafield>
  <datafield tag="245" ind1="0" ind2="0">
    <subfield code="a">Clinical periodontology and implant dentistry /</subfield>
    <subfield code="c">edited by Jan Lindhe ... [et al.].</subfield>
  </datafield>
  <datafield tag="250" ind1=" " ind2=" ">
    <subfield code="a">6th ed.</subfield>
  </datafield>
  <datafield tag="260" ind1=" " ind2=" ">
    <subfield code="a">Chichester :</subfield>
    <subfield code="b">Wiley Blackwell,</subfield>
    <subfield code="c">2015.</subfield>
  </datafield>
  <datafield tag="300" ind1=" " ind2=" ">
    <subfield code="a">2 v. (1372 p. ) :</subfield>
    <subfield code="b">ill. ;</subfield>
    <subfield code="c">28 cm.</subfield>
  </datafield>
  <datafield tag="504" ind1=" " ind2=" ">
    <subfield code="a">Includes bibliographical references and index.</subfield>
  </datafield>
  <datafield tag="505" ind1="0" ind2=" ">
    <subfield code="a">v. 1. Basic concepts -- v. 2. Clinical concepts.</subfield>
  </datafield>
  <datafield tag="520" ind1=" " ind2=" ">
    <subfield code="a">Now in its sixth edition, Clinical Periodontology and Implant Dentistry is the must-have resource for practitioners specialising in periodontal care and implant dentistry. The chapters have been extensively revised with 40% of the content new to this edition. Maintaining the widely praised two-volume format introduced in the previous edition, the editorial team has once again brought together the world's top international specialists to share their expertise on all aspects of periodontology, periodontal health and the use of implants in the rehabilitation of the periodontally compromised patient. Seamlessly integrating foundational science, practical clinical protocols, and recent advances in the field, Clinical Periodontology and Implant Dentistry, Sixth Edition enhances its stellar reputation as the cornerstone reference work on periodontology.</subfield>
  </datafield>
  <datafield tag="650" ind1=" " ind2="7">
    <subfield code="a">Periodontal Diseases.</subfield>
    <subfield code="2">BUEsh</subfield>
  </datafield>
  <datafield tag="650" ind1=" " ind2="7">
    <subfield code="a">Dental Implantation.</subfield>
    <subfield code="2">BUEsh</subfield>
    <subfield code="9">41572</subfield>
  </datafield>
  <datafield tag="650" ind1=" " ind2="7">
    <subfield code="a">Dental implants.</subfield>
    <subfield code="2">BUEsh</subfield>
    <subfield code="9">35980</subfield>
  </datafield>
  <datafield tag="651" ind1=" " ind2=" ">
    <subfield code="2">BUEsh</subfield>
  </datafield>
  <datafield tag="653" ind1=" " ind2=" ">
    <subfield code="b">DDent</subfield>
    <subfield code="c">October2016</subfield>
    <subfield code="c">November2017</subfield>
  </datafield>
  <datafield tag="655" ind1=" " ind2=" ">
    <subfield code="v">Text book</subfield>
    <subfield code="9">33728</subfield>
  </datafield>
  <datafield tag="700" ind1="1" ind2=" ">
    <subfield code="a">Lindhe, Jan,</subfield>
    <subfield code="e">editor.</subfield>
  </datafield>
  <datafield tag="942" ind1=" " ind2=" ">
    <subfield code="2">ddc</subfield>
  </datafield>
  <datafield tag="999" ind1=" " ind2=" ">
    <subfield code="c">22639</subfield>
    <subfield code="d">22611</subfield>
  </datafield>
  <datafield tag="952" ind1=" " ind2=" ">
    <subfield code="0">0</subfield>
    <subfield code="1">0</subfield>
    <subfield code="2">ddc</subfield>
    <subfield code="4">0</subfield>
    <subfield code="7">0</subfield>
    <subfield code="8">Academic</subfield>
    <subfield code="a">MAIN</subfield>
    <subfield code="b">MAIN</subfield>
    <subfield code="c">1ST</subfield>
    <subfield code="d">2016-10-17</subfield>
    <subfield code="e">Purchase</subfield>
    <subfield code="g">2315.00</subfield>
    <subfield code="h">9126</subfield>
    <subfield code="l">0</subfield>
    <subfield code="o">617.632 CLI</subfield>
    <subfield code="p">000034122</subfield>
    <subfield code="r">2025-07-15 00:00:00</subfield>
    <subfield code="v">2893.75</subfield>
    <subfield code="y">NB</subfield>
    <subfield code="z">VOL. 1.</subfield>
  </datafield>
  <datafield tag="952" ind1=" " ind2=" ">
    <subfield code="0">0</subfield>
    <subfield code="1">0</subfield>
    <subfield code="2">ddc</subfield>
    <subfield code="4">0</subfield>
    <subfield code="7">0</subfield>
    <subfield code="8">Academic</subfield>
    <subfield code="a">MAIN</subfield>
    <subfield code="b">MAIN</subfield>
    <subfield code="c">1ST</subfield>
    <subfield code="d">2016-10-17</subfield>
    <subfield code="e">Purchase</subfield>
    <subfield code="g">2315.00</subfield>
    <subfield code="h">9126</subfield>
    <subfield code="l">0</subfield>
    <subfield code="o">617.632 CLI</subfield>
    <subfield code="p">000034123</subfield>
    <subfield code="r">2025-07-15 00:00:00</subfield>
    <subfield code="v">2893.75</subfield>
    <subfield code="y">NB</subfield>
    <subfield code="z">VOL. 2.</subfield>
  </datafield>
  <datafield tag="952" ind1=" " ind2=" ">
    <subfield code="0">0</subfield>
    <subfield code="1">0</subfield>
    <subfield code="2">ddc</subfield>
    <subfield code="4">0</subfield>
    <subfield code="7">0</subfield>
    <subfield code="8">Baccah</subfield>
    <subfield code="a">MAIN</subfield>
    <subfield code="b">MAIN</subfield>
    <subfield code="c">1ST</subfield>
    <subfield code="d">2017-11-07</subfield>
    <subfield code="e">Purchase</subfield>
    <subfield code="g">3600.00</subfield>
    <subfield code="l">1</subfield>
    <subfield code="m">12</subfield>
    <subfield code="o">617.632 CLI</subfield>
    <subfield code="p">000042414</subfield>
    <subfield code="q">2019-06-30</subfield>
    <subfield code="r">2018-08-07 00:00:00</subfield>
    <subfield code="s">2018-08-07</subfield>
    <subfield code="y">BB</subfield>
    <subfield code="z">VOL. 1.</subfield>
  </datafield>
  <datafield tag="952" ind1=" " ind2=" ">
    <subfield code="0">0</subfield>
    <subfield code="1">0</subfield>
    <subfield code="2">ddc</subfield>
    <subfield code="4">0</subfield>
    <subfield code="7">0</subfield>
    <subfield code="8">Baccah</subfield>
    <subfield code="a">MAIN</subfield>
    <subfield code="b">MAIN</subfield>
    <subfield code="c">1ST</subfield>
    <subfield code="d">2017-11-07</subfield>
    <subfield code="e">Purchase</subfield>
    <subfield code="g">3600.00</subfield>
    <subfield code="l">1</subfield>
    <subfield code="m">15</subfield>
    <subfield code="o">617.632 CLI</subfield>
    <subfield code="p">000042415</subfield>
    <subfield code="q">2019-06-30</subfield>
    <subfield code="r">2018-08-07 00:00:00</subfield>
    <subfield code="s">2018-08-07</subfield>
    <subfield code="y">BB</subfield>
    <subfield code="z">VOL. 2.</subfield>
  </datafield>
</record>
